00617nam a22001697a 450000500170000001000130001702000260003003500130005603700190006908200140008810000260010224501250012826000460025327000660029930000330036550000490039820111201113026.0 aB-444796 a9780198071907c295.00 aB-444796 bAllied Pub/Ven a780.95431 aSubramanian, Lakshmi  aFrom the Tanjore Court ot the Madras music academy:cby Lakshmi Subramanian ba social history of music in South India / aNew DelhibOxford University Pressc2011 aYMCA Library Building , Jai Shingh Road, bNew Delhi e110001 axx, 196p. c24cm(pbk)bill.  aIncludes bibliographical references & index